| 000 | 01362 a2200337 4500 | ||
|---|---|---|---|
| 999 |
_c200425028 _d41488 |
||
| 001 | 200425028 | ||
| 003 | TR-AnTOB | ||
| 005 | 20200505140218.0 | ||
| 008 | 160829b tu 000 0 | ||
| 020 | _a9786058403086 | ||
| 040 |
_aTRTET _beng _erda _cTR-AnTOB |
||
| 041 | 0 | _atur | |
| 050 | 0 | 0 |
_aH62. _bO38 2015 |
| 090 | _aH62.O38 2015 | ||
| 100 | 1 |
_aÖktem, Niyazi _969774 |
|
| 245 | 1 | 0 |
_aSosyal bilimlerde yöntem / _cNiyazi Öktem ; Niyazi Öktem ; Emel Karagöz. |
| 264 |
_aAnkara: _bAstana Yayınları, _c2015 |
||
| 264 |
_b, _c©2015 |
||
| 300 |
_a212 pages ; _c20 cm. |
||
| 336 |
_atext _2rdacontent. _btxt |
||
| 337 |
_aunmediated _2rdamedia. _bn |
||
| 338 |
_avolume _2rdacarrier. _bnc |
||
| 504 | _aIncludes bibliographical references and index | ||
| 505 | _aPart I. Mantık-Hakikati Bulma Yöntemi-Bilim Felsefesi Part II. Bilginin Türleri Part III. Bilimsel Bilgide İki Ana Ayrım: Doğaya İlişkin Bilimsel Bilgi-Doğa Bilimleri ve Toplumsal Alana İlişkin Bilimsel Bilgi-Sosyal Bilimler Part IV. Tarihsel Süreç İçerisinde Farklı Metot Yaklaşımları-Farklı Perspektifler | ||
| 650 | 0 | 0 |
_aSosyal bilimler _xAraştırma _xMetodoloji _914358 |
| 650 | 0 | 0 |
_aSocial sciences _xResearch _xMethodology _995 |
| 650 | 7 |
_aSosyal bilimler _xMetodoloji _2etuturkob _912638 |
|
| 700 | 1 |
_aKaragöz, Emel _9115724 |
|
| 942 |
_cBK _2lcc |
||